000 00303nam a22001217a 4500
999 _c7684
_d7684
008 190301b ||||| |||| 00| 0 eng d
020 _a9789993689348
082 _a954.98 P577b 2015
100 _aPhuntsho, Sonam.
245 _aBhutan : a complete guide
300 _a278 p.
_bill.
_c22 cm.
942 _2ddc